LEADER 01394nam a2200265 u 4500 001 000000158955 003 CaOOAMICUS 005 20170217114140.0 008 170217s2016 it f m u000 u eng r 032 $aLibriCat 040 $aPUL$bita 100 1 $aShayo, Simon.$0(OLS)http://pul/name/101554 245 10$aAfrican traditional community as a source for christian education in Tanzania with reference to Laurent Magesa's and Bénézet Bujo's contribution / $cSimon Shayo. 260 $aRomae :$b[s.n.],$c2016.. 300 $a113 p. ;$c24 cm 500 $aIn testa al front.: Pontificium Institutum Joannes Paulus II studiorum matrimonii et familiae apud Pontificiam Universitatem Lateranensem. 502 $aEstratto da tesi (dottorato in S. Teologia) -- Pontificium Institutum Joannes Paulus II Studiorum Matrimonii et Familiae, 2016. 504 $aBibliografia: p. [97]-108. 651 4$aAfrica$xEvangelizzazione.$0(OLS)http://pul/subject/37123 850 $aPUL 852 $aPUL$W1$xDP1 Tesi Ist.Giovanni Paolo II$y67$m2016 B 13$j159690$qTesi$B185449$CPULBib$Z2$F185449 $82 941 1 $a16 996 $6245$aAfrican traditional community as a source for christian education in Tanzania with reference to Laurent Magesa's and Bénézet Bujo's contribution / $9(OLS)http://pul/title/198562 996 $6260$aRomae :$b[s.n.]$9(OLS)http://pul/publisher/48223 LEADER 01633nam a2200349 u 4500 001 000000043026 003 CaOOAMICUS 005 20070226114406.0 008 990318s1991 it u000 u ita u 020 $a8838416605 035 $a10817391 040 $aPUL(R)$bita 100 0 $aIohannes Paulus PP.$bII,$csanto,$d1920-2005.$0(OLS)http://pul/name/1830 245 10$aEuropa :$bun magistero tra storia e profezia /$cGiovanni Paolo II ; a cura di Mario Spezzibottiani ; presentazione di Carlo Maria Card. Martini .. 260 $aCasale Monferrato :$bPiemme,$c1991. 300 $a617 p. ;$c24 cm 500 $a"Indice cronologico": p. 569-579. 504 $aBibliografia in nota. 651 4$aEuropa$xPolitica e governo.$0(OLS)http://pul/subject/19001 700 1 $aMartini, Carlo Maria,$ccardinale, arcivescovo di Milano,$d1927-2012.$0(OLS)http://pul/name/6653 700 1 $aSpezzibottiani, Mario,$csac.$0(OLS)http://pul/name/31531 850 $aPUL 852 $aPUL$W1$xDP1 Cons. Gen., Altre Classi 1$y22$m44 G 33$j58027$nBK-PRI$b $qStampati$B58027$CPULBib$Z2$F58027 $H $81 900 $aWojtyla, Karol,$cs.,$d1920-2005$91830 900 $aGiovanni Paolo II,$cpapa, s.,$d1920-2005$91830 910 $aPapi (1978-2005 : Iohannes Paulus PP. II)$91830 910 $aPapi (1978-2005 : Iohannes Paulus PP. II)$91830 941 1 $a8 961 $aINV: 68670 996 $6020$a8838416605$9(OLS)http://pul/number/53664 996 $6245$aEuropa :$bun magistero tra storia e profezia$9(OLS)http://pul/title/58035 996 $6260$aCasale Monferrato :$bPiemme$9(OLS)http://pul/publisher/51813